Morphology and taxonomy of fungi. (Record no. 19344)

MARC details
000 -LEADER
fixed length control field 00426nam a2200145Ia 4500
082 ## - DEWEY DECIMAL CLASSIFICATION NUMBER
Classification number 582.28:581.4
Item number BES;1
100 ## - MAIN ENTRY--AUTHOR NAME
Personal name BESSEY, Ernst Athearn
245 #0 - TITLE STATEMENT
Title Morphology and taxonomy of fungi.
260 ## - PUBLICATION, DISTRIBUTION, ETC. (IMPRINT)
Place of publication New Delhi
Name of publisher Vikas
Year of publication 1950
505 ## - FORMATTED CONTENTS NOTE
Formatted contents note Reprint Edn 1978. Rs. 125.00 by Vikas Publishing house.
650 ## - SUBJECT ADDED ENTRY--TOPICAL TERM
Topical Term Fungi morphology
650 ## - SUBJECT ADDED ENTRY--TOPICAL TERM
Topical Term Fungi taxonomy
942 ## - ADDED ENTRY ELEMENTS (KOHA)
Koha item type Books
Holdings
Withdrawn status Lost status Damaged status Not for loan Home library Current library Date acquired Full call number Accession Number Koha item type
        RRII Library RRII Library 16/12/2021 582.28:581.4 BES;1 00081 Books